000 00693nam a2200217Ii 4500
003 JO-AjNU
008 230605s9999||||xx |||||||||||||| ||und||
017 _a2012/207
020 _a978-977-379-187-2
040 _aJO-AjNU
_bara
_erda
_cJO-AjNU
041 _aara
050 1 4 _aK2264.2012
100 3 _a الشريف، حامد ,
_eauthor
_943914
245 0 0 _aإعتراف المتهم والدفوع المتعلقة به في الفقة الجنائى
250 _aط1
264 3 1 _aالاسكندرية : دار الفكر الجامعي ، 2012
300 _a358ص
336 _atext
_btxt
_2rdacontent
337 _aunmediated
_bn
_2rdamedia
338 _avolume
_bnc
_2rdacarrier
999 _aA18917
_c22485
_d22485